The sermon bible; vol. 12. (Record no. 1624)

000 -LEADER
fixed length control field 00455nam a2200157 a 4500
001 - CONTROL NUMBER
control field :::00017809$&:&@@
003 - CONTROL NUMBER IDENTIFIER
control field OkBaRHE
005 - DATE AND TIME OF LATEST TRANSACTION
control field 20100326171834.0
008 - FIXED-LENGTH DATA ELEMENTS--GENERAL INFORMATION
fixed length control field j 000 0 eng u
040 ## - CATALOGING SOURCE
Transcribing agency
245 14 - TITLE STATEMENT
Title The sermon bible; vol. 12.
260 ## - PUBLICATION, DISTRIBUTION, ETC. (IMPRINT)
Place of publication, distribution, etc New York
Name of publisher, distributor, etc Funk & Wagnalls Company
300 ## - PHYSICAL DESCRIPTION
Extent v. (1-12)
942 ## - ADDED ENTRY ELEMENTS (KOHA)
Source of classification or shelving scheme
Koha item type Books
Copies
Collection code Date last seen Copy number Source of classification or shelving scheme Permanent Location Damaged status Barcode Lost status Shelving location Full call number Price effective from Not for loan Date acquired Withdrawn status Koha item type
Reference2010-04-141 RHEMA Bible Training College 17809 General StacksBS 534.5 S382010-04-14 2010-04-14 Books